000 00312nam a2200145Ia 4500
005 20240807061918.0
008 240806s9999||||xx |||||||||||||| ||eng||
041 _aeng
082 _a891.431009
_bAGYP
100 _aKumar, Sanjay
260 _bVani Prakashan
300 _a132p.
650 _aHindi
942 _cBK
999 _c2780
_d2780